Real U.S. Cities/Towns - Sudden Death - Statistics

General Stats
  • This quiz has been taken 3,721 times
    395 since last reset
  • The average score is 7 of 26
Answers on the Grid
Answers color-coded by a green-red scale on the quiz's grid according to % correct below.
Accident, Maryland
Almost Heaven, West Virginia
Amity Island, New York
Bedford Falls, New York
Bleeding, Kansas
Boring, Oregon
Cabot Cove, Maine
Castle Rock, Maine
Chugwater, Wyoming
Deadwood, South Dakota
Ding Dong, Texas
Embarrass, Minnesota
Fargo, North Dakota
George, Washington
Gravity Falls, Oregon
Hawkins, Indiana
Hazzard County, Georgia
Hell, Michigan
Hershey, Pennsylvania
Hill Valley, California
Hotel, California
Intercourse, Pennsylvania
Kill Devil Hills, North Carolina
Lake Wobegon, Minnesota
Mayberry, North Carolina
Mystic Falls, Virginia
Mystic, Connecticut
North Pole, Alaska
Pawnee, Indiana
Pennsyltucky, Pennsylvania
Punxsutawney, Pennsylvania
Quahog, Rhode Island
Radiator Springs, Arizona
Raising, Arizona
River City, Iowa
Roswell, New Mexico
Salem, Massachusetts
Santa Claus, Indiana
Scranton, Pennsylvania
Sleepy Hollow, New York
Smallville, Kansas
Spanish, Maine
Sunnydale, California
Sweet Home, Alabama
Toad Suck, Arkansas
Tombstone, Arizona
Truth or Consequences, New Mexico
Turnpike, New Jersey
Twin Peaks, Washington
What Cheer, Iowa
Whynot, North Carolina
Zzyzx, California
 
Answer Stats
Answer % Correct
Fargo, North Dakota
54%
Salem, Massachusetts
51%
Hershey, Pennsylvania
49%
Roswell, New Mexico
43%
Scranton, Pennsylvania
40%
Boring, Oregon
38%
Punxsutawney, Pennsylvania
37%
Deadwood, South Dakota
35%
Accident, Maryland
32%
Hell, Michigan
32%
Tombstone, Arizona
31%
Truth or Consequences, New Mexico
31%
Intercourse, Pennsylvania
26%
North Pole, Alaska
25%
Kill Devil Hills, North Carolina
23%
Mystic, Connecticut
23%
Sleepy Hollow, New York
23%
Zzyzx, California
22%
Santa Claus, Indiana
19%
George, Washington
15%
Embarrass, Minnesota
13%
Ding Dong, Texas
11%
Toad Suck, Arkansas
11%
Chugwater, Wyoming
9%
Whynot, North Carolina
7%
What Cheer, Iowa
6%
No matching quizzes found
Score Distribution
Percent of People with Each Score
Percentile by Number Answered
Your Score History
You have not taken this quiz since the last reset